Tārīkh al-Sūdan al-qadīm /

محفوظ في:

المؤلف الرئيسي: Bakr, Muḥammad Ibrāhīm.

التنسيق: كتاب

اللغة: Arabic

منشور في: al-Qāhirah : Dār al-Maʻārif, 1983.

الموضوعات:

الوسوم: إضافة وسم

لا توجد وسوم, كن أول من يضع وسما على هذه التسجيلة!

رقم الطلب: DT108.1 .B33 1983

LEADER 00831cam a22002417a 4500
001 28839
003 OSt
005 20230709084655.0
008 910329s1983 ua abe b 001 0 ara
952 |0 0  |1 0  |2 lcc  |4 0  |6 DT01081 B33 01983  |7 1  |9 49158  |a ARCE  |b ARCE  |d 2023-07-09  |l 0  |o DT108.1 .B33 1983  |p 1023885  |r 2023-07-09 00:00:00  |w 2023-07-09  |y BK 
999 |c 54295  |d 54295 
010 |a  89960156  
020 |a 9770207594 
040 |c ARCE Library 
050 4 |a DT108.1 .B33 1983 
100 1 |a Bakr, Muḥammad Ibrāhīm. 
245 1 0 |a Tārīkh al-Sūdan al-qadīm /   |c Muḥammad Ibrāhīm Bakr. 
260 |a al-Qāhirah :   |b Dār al-Maʻārif,   |c 1983. 
300 |a 283 p. :   |b ill., maps, plans ;   |c 24 cm. 
504 |a Includes bibliographical references and indexes. 
651 0 |a Sudan  |x History  |y To 1821. 
901 |a reviewed 
942 |2 lcc  |c BK